000 00987nas a2200313 4500
001 BR2012000070
003 BR-BrBNA
005 20231205115921.0
007 ta
008 230509b bl.|||p| |||| 00| 00por d
040 _aBR-BrBNA
_bpor
_cBiblioteca Nacional de Agricultura
041 _a(En)
072 _aQ03; L73
100 1 _aKnoff, M.
100 1 _aSão Clemente, S.C.
100 1 _aFonseca, M.C.G.
100 1 _aFelizardo, N.N.
100 1 _aPinto, R.M.
100 1 _aGomes, D.C.
245 1 _aCestodes Diphyllobothriidea parasitizing blackfin goosefish, Lophius gastrophysus Miranda-Ribeiro, 1915
650 _aPEIXE MARINHO
650 _aCONTAMINAÇÃO
650 _aHIGIENE DE ALIMENTO
650 _aDOENÇA ANIMAL
650 _aPARASITO
773 0 _tArquivo Brasileiro de Medicina Veterinária e Zootecnia (Brazil)
_xISSN 0102-0935
_g(Aug 2011), v. 63(4) p. 1033-1038
_wBR2012000070
909 _a202311
_bLúcia
_c55
_dLúcia Elande
942 _2AGRIS
_n0
_cANA
999 _c216295
_d216295